| 000 | 01769nam a22004577a 4500 | ||
|---|---|---|---|
| 001 | 000102883 | ||
| 003 | CHAP | ||
| 005 | 20220329143619.0 | ||
| 008 | 100930s2009 mx r 00010 spa d | ||
| 010 | _a99346 | ||
| 011 | _a100318 | ||
| 035 | _a111004 | ||
| 040 | _cCHAP | ||
| 090 | _aTesis | ||
| 100 | 1 |
_aDelin Reynoso, Leonor _931682 |
|
| 245 | 1 | 0 |
_aEvaluación financiera de la comercialización de alimento para trucha en el Estado de México / _c/por Leonor Delin Reynoso. |
| 260 |
_aChapingo, Méx. : _bEl autor, _c2009. |
||
| 300 |
_avi, 107 h. : _bilus., cuadros, gráfs. |
||
| 502 | _aTesis (Ing. Agr. Esp. en Econimía agrícola) -- UACH. División de Ciencias Económico - Administrativas | ||
| 530 | _atambièn disponible en lìnea | ||
| 590 |
_aALEPH _b10 _c20130110 _lUCH01 _h1536 |
||
| 590 |
_aBATCH-UPD _b10 _c20130110 _lUCH01 _h0936 |
||
| 590 |
_aBATCH-UPD _b10 _c20130410 _lUCH01 _h0553 |
||
| 590 |
_aBATCH-UPD _b10 _c20130914 _lUCH01 _h0220 |
||
| 590 |
_aBATCH-UPD _b10 _c20140324 _lUCH01 _h1519 |
||
| 590 |
_aBATCH-UPD _b10 _c20141002 _lUCH01 _h0844 |
||
| 590 |
_aCONVERSION _b10 _c20130109 _lUCH01 _h1355 |
||
| 590 |
_aE11695DGD _b10 _c20141006 _lUCH01 _h1054 |
||
| 590 |
_aE11695DGD _b10 _c20141006 _lUCH01 _h1056 |
||
| 650 | 1 | 4 |
_aAcuicultura _zMexico (Edo.). _9791 |
| 650 | 1 | 4 |
_aAlimentos _xMercadeo _xMéxico (Edo.) _94250 |
| 650 | 1 | 4 |
_aEmpresas agropecuarias. _936649 |
| 650 | 1 | 4 |
_aFinanzas _xEvaluación. _940940 |
| 650 | 1 | 4 |
_aTrucha _xAlimentación. _9115344 |
| 856 |
_3Fiding aid _uhttp://10.13.5.2/tesis/111004.pdf _zTeclea aquí |
||
| 901 | _aBK | ||
| 942 | _cFOLL | ||
| 942 | _n0 | ||
| 949 |
_aTesis _bBC _cTES _d33724002116900 _eTS2 _fc.2 _gDonaciØn _h51095 _i111004 _sb |
||
| 949 |
_aTesis _bBC _cTES _d33724002116941 _eTS1 _gDonaciØn _h51094 _i111004 _sb |
||
| 999 |
_c99346 _d99346 |
||